Statistics for Top 10 English PL appearance makers

Click here to take the quiz!

General Stats

  • This quiz has been taken 14 times
  • The average score is 7 of 10

Answer Stats

HintAnswer% Correct
609Lampard
100%
499Scholes
100%
504Gerrard
92%
505Neville
92%
504Ferdinand
75%
572James
67%
626Barry
50%
508Carragher
50%
503Campbell
33%
516Heskey
17%

Score Distribution

Percentile by Number Answered

Percent of People with Each Score

Your Score History

You have not taken this quiz